| 000 | 00646nam a2200193Ia 4500 | ||
|---|---|---|---|
| 008 | 151121s9999||||xx |||||||||||||| ||und|| | ||
| 082 | _aबा। वि। | ||
| 082 | _bHNW-73945 | ||
| 100 | _aविद्यासागर पंडीत | ||
| 245 | _aसी। व्ही। रामन | ||
| 260 | _b"सा। शिला, पुणे।" | ||
| 260 | _c-- | ||
| 300 | _a136 | ||
| 600 | _aविद्यासागर पंडीत | ||
| 630 | _aसी। व्ही। रामन | ||
| 700 | _aविद्यासागर पंडीत | ||
| 730 | _aसी। व्ही। रामन | ||
| 942 | _cBOOK | ||
| 999 |
_c1255399 _d1255396 |
||